[Event "Hamburg-ch Seniors 21st"]
[Site "Hamburg"]
[Date "2014.11.03"]
[Round "6"]
[White "Ziehm, Holger"]
[Black "Diehl, Walter"]
[Result "0-1"]
[WhiteElo "1490"]
[BlackElo "1824"]
[PlyCount "32"]
[EventDate "2014.10.29"]
[EventType "swiss"]
[EventRounds "9"]
[EventCountry "GER"]
[SourceTitle "EXT 2018"]
[Source "ChessBase"]
[SourceDate "2017.10.13"]
[SourceVersion "1"]
[SourceVersionDate "2017.10.13"]
[SourceQuality "1"]

1. e4 e5 2. Nf3 Nc6 3. c3 Nf6 4. d4 Nxe4 5. d5 Bc5 6. Be3 Bxe3 7. fxe3 Nb8 8. Qc2 Nf6 9. Bc4 d6 10. 0-0 0-0 11. Nbd2 Ng4 12. Rae1 f5 13. e4 f4 14. Qb3 Nd7 15. Qb4 Ne3 16. Rf2 Nc2 0-1

[Event "Hamburg Seniors op 19th"]
[Site "Hamburg"]
[Date "2012.11.01"]
[Round "9"]
[White "Diehl, Walter"]
[Black "Werner, Joern"]
[Result "1-0"]
[WhiteElo "1847"]
[BlackElo "1639"]
[PlyCount "41"]
[EventDate "2012.10.24"]
[EventType "swiss"]
[EventRounds "9"]
[EventCountry "GER"]
[SourceTitle "EXT 2015"]
[Source "ChessBase"]
[SourceDate "2014.11.20"]
[SourceVersion "1"]
[SourceVersionDate "2014.11.20"]
[SourceQuality "1"]

1. e4 e5 2. Nf3 Nc6 3. Bc4 Bc5 4. 0-0 d6 5. h3 Nf6 6. Re1 a6 7. c3 0-0 8. d4 exd4 9. cxd4 Bb6 10. Nc3 h6 11. a3 Re8 12. Ba2 Re7 13. Qd3 Qf8 14. Bd2 Bd7 15. e5 dxe5 16. dxe5 Nh7 17. Nd5 Ree8 18. Nxb6 cxb6 19. Qxd7 Qe7 20. Qg4 g6 21. Qxg6+ 1-0

[Event "Hamburg-ch Seniors op 16th"]
[Site "Hamburg"]
[Date "2009.11.07"]
[Round "8"]
[White "Diehl, Walter"]
[Black "Lindenberg, Uwe"]
[Result "1-0"]
[WhiteElo "1838"]
[BlackElo "1662"]
[PlyCount "79"]
[EventDate "2009.10.31"]
[EventType "swiss"]
[EventRounds "9"]
[EventCountry "GER"]
[SourceTitle "EXT 2022"]
[Source "ChessBase"]
[SourceDate "2021.10.06"]
[SourceVersion "1"]
[SourceVersionDate "2021.10.06"]
[SourceQuality "1"]

1. e4 e6 2. d4 d5 3. Nc3 Bb4 4. e5 Ne7 5. Bg5 Qd7 6. Bb5 c6 7. Bd3 b6 8. a3 Bxc3+ 9. bxc3 Ba6 10. Bxa6 Nxa6 11. f4 c5 12. g4 h6 13. Bh4 Ng6 14. Bg3 Ne7 15. Ne2 Nc6 16. 0-0 h5 17. f5 h4 18. Be1 Ne7 19. fxe6 fxe6 20. Nf4 g5 21. Nh5 0-0-0 22. Bd2 Rxh5 23. gxh5 Nf5 24. Kh1 Rg8 25. Rg1 Qe7 26. Qg4 Nh6 27. Qe2 c4 28. Raf1 Nf5 29. Qg4 Nh6 30. Bxg5 Qe8 31. Qxh4 Nf5 32. Rxf5 exf5 33. Bf6 Nc7 34. h6 Rxg1+ 35. Kxg1 Qg6+ 36. Qg5 Qxg5+ 37. Bxg5 Ne6 38. h7 Nxg5 39. h8Q+ Kb7 40. Qg7+ 1-0

[Event "Hamburg-ch Seniors op 16th"]
[Site "Hamburg"]
[Date "2009.11.06"]
[Round "7"]
[White "Keuneke, Hanno"]
[Black "Diehl, Walter"]
[Result "1-0"]
[WhiteElo "1673"]
[BlackElo "1838"]
[PlyCount "51"]
[EventDate "2009.10.31"]
[EventType "swiss"]
[EventRounds "9"]
[EventCountry "GER"]
[SourceTitle "EXT 2022"]
[Source "ChessBase"]
[SourceDate "2021.10.06"]
[SourceVersion "1"]
[SourceVersionDate "2021.10.06"]
[SourceQuality "1"]

1. e4 c5 2. Nf3 d6 3. d4 cxd4 4. Nxd4 Nf6 5. Nc3 g6 6. Be3 Bg7 7. f3 0-0 8. Bc4 Bd7 9. Qd2 Nc6 10. 0-0-0 Rc8 11. Bb3 Na5 12. h4 h5 13. Bg5 Nxb3+ 14. Nxb3 b5 15. e5 Ne8 16. Nd5 f6 17. exf6 Nxf6 18. Rhe1 Rf7 19. Bxf6 Bxf6 20. Qh6 Bf5 21. Nxf6+ Rxf6 22. Nd4 Qd7 23. Qg5 Rc5 24. Qe3 e5 25. Nxf5 Rxf5 26. Qxc5 1-0

[Event "Hamburg-ch Seniors op 15th"]
[Site "Hamburg"]
[Date "2008.11.04"]
[Round "9"]
[White "Zippert, Georg"]
[Black "Diehl, Walter"]
[Result "0-1"]
[WhiteElo "1727"]
[BlackElo "1863"]
[PlyCount "100"]
[EventDate "2008.10.27"]
[EventType "swiss"]
[EventRounds "9"]
[EventCountry "GER"]
[SourceTitle "EXT 2022"]
[Source "ChessBase"]
[SourceDate "2021.10.06"]
[SourceVersion "1"]
[SourceVersionDate "2021.10.06"]
[SourceQuality "1"]

1. e4 c5 2. Nf3 d6 3. d4 cxd4 4. Nxd4 Nf6 5. Nc3 g6 6. Be3 Bg7 7. Be2 Bd7 8. f3 Qb6 9. Qd2 Qb4 10. 0-0-0 Nc6 11. a3 Qa5 12. Nb3 Qd8 13. h3 a6 14. g4 b5 15. g5 Nh5 16. Nd5 Rb8 17. Bf2 Ne5 18. c3 Nc4 19. Qc2 e6 20. Ne3 Qxg5 21. Bxc4 bxc4 22. Nd2 d5 23. h4 Qd8 24. exd5 exd5 25. Nxd5 Bh6 26. Be3 Bxe3 27. Nxe3 0-0 28. Ndxc4 Qc7 29. Rhg1 Be6 30. Rd4 Rb5 31. Nd6 Rb6 32. Nec4 Rc6 33. Qe2 Ng7 34. f4 Rd8 35. Rd2 Bxc4 36. Nxc4 Rd4 37. Rxd4 Nf5 38. Re4 Ng3 39. Re8+ Kg7 40. Qe5+ Qxe5 41. Rxe5 Rxc4 42. Ra5 Rc6 43. Kd2 h5 44. Kd3 Nf5 45. c4 Nxh4 46. b4 Nf5 47. Rd5 h4 48. b5 axb5 49. cxb5 Rb6 50. Kc4 Ne3+ 0-1

[Event "Hamburg-ch Seniors op 13th"]
[Site "Hamburg"]
[Date "2006.10.31"]
[Round "5"]
[White "Diehl, Walter"]
[Black "Hitzker, Johann"]
[Result "1/2-1/2"]
[WhiteElo "1790"]
[BlackElo "1419"]
[PlyCount "123"]
[EventDate "2006.10.27"]
[EventType "swiss"]
[EventRounds "9"]
[EventCountry "GER"]
[SourceTitle "EXT 2022"]
[Source "ChessBase"]
[SourceDate "2021.10.06"]
[SourceVersion "1"]
[SourceVersionDate "2021.10.06"]
[SourceQuality "1"]

1. e4 e5 2. Nf3 Nf6 3. Nc3 d6 4. Bc4 h6 5. h3 Be7 6. d4 exd4 7. Nxd4 Nbd7 8. 0-0 Ne5 9. Bb3 0-0 10. f4 Ned7 11. Qe2 Nc5 12. Bc4 c6 13. b4 Nfxe4 14. Nxe4 Nxe4 15. Bxf7+ Rxf7 16. Qxe4 d5 17. Qe1 Bh4 18. Qd2 Qf6 19. Rb1 Qg6 20. Rb3 Bd7 21. Nf3 Bf6 22. Kh2 Re8 23. Bb2 Bxb2 24. Rxb2 Qf6 25. Nd4 Re4 26. c3 Rxf4 27. Rxf4 Qxf4+ 28. Qxf4 Rxf4 29. Kg3 g5 30. Re2 Kf7 31. a4 Kf6 32. Re3 h5 33. Rf3 h4+ 34. Kf2 Ke5 35. Ne2 Rxf3+ 36. Kxf3 Bf5 37. Nd4 Be4+ 38. Kf2 Kd6 39. g3 b6 40. gxh4 gxh4 41. Nf3 c5 42. Nxh4 cxb4 43. cxb4 d4 44. Nf3 Kd5 45. Nd2 Bc2 46. a5 bxa5 47. bxa5 Kc5 48. h4 Bh7 49. h5 Kb4 50. h6 d3 51. Ke3 Kc3 52. a6 Bg6 53. Nb1+ Kb4 54. Nd2 Ka5 55. Nc4+ Kxa6 56. Ne5 Bh7 57. Nxd3 Kb5 58. Kd2 Kc4 59. Ne5+ Kb5 60. Ke3 a5 61. Nf3 a4 62. Kd2 1/2-1/2

[Event "Hamburg Weisse Dame op 11th"]
[Site "Hamburg"]
[Date "2005.09.17"]
[Round "1"]
[White "Diehl, Walter"]
[Black "Pfeiffer, Daniel"]
[Result "1-0"]
[WhiteElo "1782"]
[BlackElo "1619"]
[PlyCount "95"]
[EventDate "2005.09.17"]
[EventType "swiss"]
[EventRounds "5"]
[EventCountry "GER"]
[SourceTitle "EXT 2006"]
[Source "ChessBase"]
[SourceDate "2005.11.24"]
[SourceVersion "1"]
[SourceVersionDate "2005.11.24"]
[SourceQuality "1"]

1. e4 c5 2. Nf3 d6 3. d4 cxd4 4. Nxd4 Nf6 5. Nc3 a6 6. f3 e5 7. Nb3 Be6 8. Bg5 Be7 9. Bxf6 Bxf6 10. Nd5 Be7 11. Qd2 Nd7 12. Nxe7 Qxe7 13. 0-0-0 d5 14. exd5 Bf5 15. Bd3 Bxd3 16. Qxd3 Rd8 17. Qe3 0-0 18. Rd2 Nf6 19. Rhd1 Rd6 20. Re2 Re8 21. c4 b5 22. cxb5 Nxd5 23. Qc5 Qg5+ 24. Rdd2 Red8 25. bxa6 Rxa6 26. Kb1 Qf5+ 27. Qc2 Qxc2+ 28. Rxc2 Nb4 29. Rcd2 Rad6 30. a3 Nc6 31. Kc2 Rxd2+ 32. Rxd2 Rxd2+ 33. Kxd2 Kf8 34. Kd3 Ke7 35. Kc4 Kd6 36. a4 f5 37. Nc5 g5 38. b4 h5 39. b5 Na7 40. Nb7+ Kc7 41. Na5 g4 42. Kd5 e4 43. fxe4 f4 44. Nc4 h4 45. b6+ Kb7 46. bxa7 g3 47. h3 f3 48. Ne3 1-0

[Event "Hamburg Weisse Dame op 11th"]
[Site "Hamburg"]
[Date "2005.09.17"]
[Round "2.5"]
[White "Ludwig, Jan"]
[Black "Diehl, Walter"]
[Result "0-1"]
[WhiteElo "1572"]
[BlackElo "1782"]
[PlyCount "78"]
[EventDate "2005.09.17"]
[EventType "swiss"]
[EventRounds "5"]
[EventCountry "GER"]
[SourceTitle "EXT 2006"]
[Source "ChessBase"]
[SourceDate "2005.11.24"]
[SourceVersion "1"]
[SourceVersionDate "2005.11.24"]
[SourceQuality "1"]

1. e4 c5 2. c3 d5 3. exd5 Qxd5 4. d4 cxd4 5. cxd4 Nc6 6. Nf3 Bg4 7. Nc3 Qh5 8. Be2 e6 9. h3 Bb4 10. Bf4 Nge7 11. 0-0 Bxf3 12. Bxf3 Qa5 13. Ne2 Rd8 14. a3 Bd6 15. b4 Qc7 16. Be3 a6 17. Rc1 0-0 18. Qb3 Rd7 19. Ng3 Bxg3 20. fxg3 Qxg3 21. Rfd1 Nd5 22. Bf2 Qg6 23. b5 axb5 24. Qxb5 Nf4 25. Be3 Nd5 26. Bf2 Rfd8 27. a4 Qg5 28. Rc5 Qe7 29. Ra1 Na7 30. Qc4 b6 31. Rxd5 exd5 32. Qb3 Qd6 33. Bg4 Rb7 34. a5 b5 35. Bg3 Qc6 36. Bf4 Qc4 37. Qe3 Qb4 38. Re1 Nc6 39. Bf5 Re7 0-1

[Event "Hamburg League qual"]
[Site "Hamburg"]
[Date "2005.09.03"]
[Round "6"]
[White "Diehl, Walter"]
[Black "Diz Suarez, Carlos"]
[Result "1-0"]
[WhiteElo "1752"]
[BlackElo "1659"]
[PlyCount "81"]
[EventDate "2005.08.14"]
[EventType "swiss"]
[EventRounds "7"]
[EventCountry "GER"]
[SourceTitle "EXT 2006"]
[Source "ChessBase"]
[SourceDate "2005.11.24"]
[SourceVersion "1"]
[SourceVersionDate "2005.11.24"]
[SourceQuality "1"]

1. e4 d5 2. exd5 Qxd5 3. Nc3 Qa5 4. Bc4 Nf6 5. d3 Bg4 6. f3 Bf5 7. Nge2 e6 8. Be3 Be7 9. a3 c6 10. g4 Bg6 11. h4 h6 12. Nf4 Bh7 13. Qd2 Nbd7 14. b4 Bxb4 15. Nfe2 Ne5 16. Kf2 Bxc3 17. Qxc3 Qxc3 18. Nxc3 Nxc4 19. dxc4 Bxc2 20. g5 Nd7 21. Rac1 Bf5 22. Bd4 Rg8 23. Na4 b6 24. Nb2 0-0-0 25. a4 Nc5 26. Be3 Nd3+ 27. Nxd3 Rxd3 28. gxh6 gxh6 29. Bxh6 Ra3 30. Ra1 Rxa1 31. Rxa1 Rd8 32. Be3 Rd3 33. a5 Rc3 34. axb6 axb6 35. Rc1 Rxc1 36. Bxc1 Kd7 37. Ke3 b5 38. Kd4 bxc4 39. Kxc4 Bh3 40. h5 Bg2 41. h6 1-0

[Event "Hamburg League qual"]
[Site "Hamburg"]
[Date "2005.08.21"]
[Round "3"]
[White "Schuett, Wilhelm"]
[Black "Diehl, Walter"]
[Result "1/2-1/2"]
[WhiteElo "2102"]
[BlackElo "1752"]
[PlyCount "103"]
[EventDate "2005.08.14"]
[EventType "swiss"]
[EventRounds "7"]
[EventCountry "GER"]
[SourceTitle "EXT 2006"]
[Source "ChessBase"]
[SourceDate "2005.11.24"]
[SourceVersion "1"]
[SourceVersionDate "2005.11.24"]
[SourceQuality "1"]

1. e4 c5 2. Nf3 d6 3. d4 cxd4 4. Nxd4 g6 5. c4 Bg7 6. Be3 Nf6 7. f3 Nbd7 8. Qd2 0-0 9. Nc3 a6 10. Be2 Re8 11. 0-0 Ne5 12. Rfd1 Bd7 13. h3 Rc8 14. b3 Qa5 15. Rac1 Bc6 16. f4 Ned7 17. Bf3 Nc5 18. Nxc6 bxc6 19. Rb1 Rb8 20. e5 dxe5 21. fxe5 Red8 22. Qc2 Nfd7 23. Bxc6 Nxe5 24. Rxd8+ Qxd8 25. Rd1 Qa5 26. Rd5 Nxc6 27. Rxc5 Qxc3 28. Qxc3 Bxc3 29. Rxc6 a5 30. Kf2 Kf8 31. Kf3 Ke8 32. Bb6 Kd7 33. Rc7+ Kd6 34. c5+ Ke6 35. Ke4 Ra8 36. Ra7 Rxa7 37. Bxa7 Kd7 38. Kd5 e6+ 39. Kc4 Bd2 40. Kb5 e5 41. c6+ Kc8 42. Bb6 e4 43. Kc4 f5 44. Kd4 h5 45. g4 hxg4 46. hxg4 e3 47. Kd3 fxg4 48. Bxe3 Bxe3 49. Kxe3 Kc7 50. Kf4 Kxc6 51. Kxg4 a4 52. Kg5 1/2-1/2